Về một cách tiếp cận tác phẩm văn học

Spremljeno u:
Bibliografski detalji
Format: Knjiga
Jezik:Undetermined
Izdano: H. ĐHQG 2000
Teme:
Oznake: Dodaj oznaku
Bez oznaka, Budi prvi tko označuje ovaj zapis!
Thư viện lưu trữ: Trung tâm Học liệu Trường Đại học Cần Thơ
LEADER 00473nam a2200169Ia 4500
001 CTU_52039
008 210402s9999 xx 000 0 und d
020 |b 29000 
082 |a 895.92209 
082 |b V250 
245 0 |a Về một cách tiếp cận tác phẩm văn học 
260 |a H. 
260 |b ĐHQG 
260 |c 2000 
650 |a vietnamese literature 
650 |x history and criticism 
980 |a Trung tâm Học liệu Trường Đại học Cần Thơ